|
|
|
|
| LEADER |
02207nam a2200373 i 4500 |
| 001 |
36732 |
| 003 |
BD-DhAAL |
| 005 |
20211123111603.0 |
| 008 |
191124t20152001maua b 001 0 eng |
| 999 |
|
|
|c 41559
|d 41559
|
| 010 |
|
|
|a 2014451617
|
| 020 |
|
|
|a 9780133352023
|
| 020 |
|
|
|a 0133352021
|
| 040 |
|
|
|a DLC
|b eng
|e rda
|c DLC
|d BD-DhAAL
|
| 042 |
|
|
|a pcc
|
| 050 |
0 |
0 |
|a RJ496.L35
|b K34 2015
|
| 082 |
0 |
0 |
|a 618.92855
|2 23
|
| 100 |
1 |
|
|a Kaderavek, Joan N.
|9 37576
|
| 245 |
1 |
0 |
|a Language disorders in children :
|b fundamental concepts of assessment and intervention /
|c Joan N. Kaderavek
|
| 250 |
|
|
|a Second edition.
|
| 260 |
|
|
|a Boston :
|b Pearson,
|c ©2015
|
| 300 |
|
|
|a xvii, 442 pages :
|b illustrations ;
|c 25 cm.
|
| 490 |
0 |
|
|a Pearson communication sciences and disorders series
|
| 504 |
|
|
|a Includes bibliographical references (pages 408-426) and index.
|
| 505 |
0 |
|
|a Foundations of language and clinical practice -- Language theory and the communication subdomains -- Assessment of language disorders -- Decision making in assessment and intervention -- Principles of intervention -- Children with specific language impairment -- Children with hearing loss -- Children with intellectual disability -- Children with autism spectrum disorders -- Literacy, reading, and writing for school-age children -- Augmentative alternative communication (AAC) and children with language disorders -- A tutorial: the meaning of standard scores -- T-unit analysis -- Report writing -- Language sample analysis worksheet.
|
| 526 |
|
|
|a ENH
|
| 541 |
|
|
|a TRIM Education
|e 36732, 36749
|
| 650 |
|
0 |
|a Language disorders in children.
|9 37577
|
| 650 |
|
0 |
|a Communicative disorders in children.
|9 37578
|
| 650 |
|
0 |
|a English language.
|9 43003
|
| 852 |
|
|
|a Ayesha Abed Library
|c General Stacks
|
| 942 |
|
|
|2 ddc
|c BK
|
| 952 |
|
|
|0 0
|1 0
|2 ddc
|4 0
|6 618_928550000000000_KAD
|7 0
|9 67235
|a BRACUL
|b BRACUL
|c GEN
|d 2019-11-20
|e Trim Education
|g 12990.00
|l 1
|m 6
|o 618.92855 KAD
|p 3010036749
|q 2026-06-30
|r 2025-05-21
|s 2025-05-21
|t 1
|v 12990.00
|w 2019-11-20
|y BK
|
| 952 |
|
|
|0 0
|1 0
|2 ddc
|4 0
|6 618_928550000000000_KAD
|7 0
|9 67266
|a BRACUL
|b BRACUL
|c GEN
|d 2019-11-24
|e Trim Education
|g 12990.00
|l 0
|o 618.92855 KAD
|p 3010036732
|r 2019-11-24
|t 1
|v 12990.00
|w 2019-11-24
|y BK
|